Datum a čas kvízu
20
Celkem bodů
Celkový počet nahraných bodů na tomto kvízu bez doplňovacích otázek.
8.
Pořadí na kvízu
Konečné umístění týmu na tomto kvízu.
Zaznamenané odpovědi
| # | Otázka | Odpověď | Body | Výsledky |
|---|---|---|---|---|
| 1. | KSČM ve čtvrtek ukončila člens... | Jiří Dolejš | 0 | |
| 2. | V úterý se v metropoli jedné b... | v Rijádu | 0 | |
| 3. | Minulý týden jsme se dozvěděli... | Post Malone | 0 | |
| 4. | Cestovatelský server Tripadvis... | Řecko | 1 | |
| 5. | V české fotbalové reprezentaci... | Buffon | 1 | |
| 6. | Nyní se od aktualit přesuneme... | 1A 2C 3B 4D | 0 | |
| 7. | Uveďte odborný název pro skupi... | ichtyosauři | 1 | |
| 8. | Přibližně takto mohl vypadat j... | o velociraptora | 0 | |
| 9. | Americký spisovatel a scenáris... | Michael Crichton | 0 | |
| 10. | Na fotce vidíme mumii a rekons... | Ötzi | 1 |